000 00951nam0a22002411 4500
001 rc\2999954
005 20250806200626.0
035 _a(NLR Aleph) 007143319
090 _a70712
_c70712
100 _a20041206d1942 u y0rusy50 ca
101 0 _arus
102 _aRU
105 _ay z ||||y
200 1 _aЛегкая атлетика
_eПрограмма-конспект подготовки общественных инструкторов физкультуры
_fВсесоюз. ком. по делам физ. культуры и спорта при Совнаркоме СССР
210 _aМосква
_aЛенинград
_cФизкультура и спорт
_d1942
_eМосква
215 _a60, [4] с.
_d14 см
801 0 _aRU
_bNLR
_gpsbo
801 1 _aRU
_bELAR
_2rusmarc
852 _aNLR
_jВ40 Г-2/282
942 _cBOOK
945 _aРоссийская национальная библиотека
980 _aNB
980 _aBV